| 000 | 00554cam a2200145 4500500 | ||
|---|---|---|---|
| 005 | 20251214002043.0 | ||
| 041 | _afre | ||
| 042 | _adc | ||
| 100 | 1 | 0 |
_aPumain, Denise _eauthor |
| 700 | 1 | 0 |
_aSaint-Julien, Thérèse _eauthor |
| 245 | 0 | 0 | _aAnalyse spatiale : Les localisations |
| 260 |
_bArmand Colin,
_c2010. |
||
| 520 | _aInformation géographique et espace Lieux et distributions de lieux Réseaux et localisation Régions homogènes | ||
| 856 | 4 | 1 | _uhttps://shs.cairn.info/analyse-spatiale--9782200254629?lang=fr&redirect-ssocas=7080 |
| 999 |
_c1566723 _d1566723 |
||